UM Logo

Fast-processing sigma—delta strategies for three-phase wide-bandgap power converters with common-mode voltage reduction / (Record no. 19563)

MARC details
000 -LEADER
fixed length control field 01103nam a22002417a 4500
003 - CONTROL NUMBER IDENTIFIER
control field OSt
005 - DATE AND TIME OF LATEST TRANSACTION
control field 20250827110424.0
008 - FIXED-LENGTH DATA ELEMENTS--GENERAL INFORMATION
fixed length control field 240308b ||||| |||| 00| 0 eng d
040 ## - CATALOGING SOURCE
Transcribing agency 0
082 ## - DEWEY DECIMAL CLASSIFICATION NUMBER
Classification number DPer 621.317 Ie21 July 2022 v.37 n. 7
100 ## - MAIN ENTRY--PERSONAL NAME
Personal name Lumbreras, David.
Relator term author.
9 (RLIN) 54178
245 ## - TITLE STATEMENT
Title Fast-processing sigma—delta strategies for three-phase wide-bandgap power converters with common-mode voltage reduction /
Statement of responsibility, etc. David Lumbreras, Jordi Zaragoza, Néstor Berbel, Juan Mon, Eduardo Gálvez, and Alfonso Collado
260 ## - PUBLICATION, DISTRIBUTION, ETC. (IMPRINT)
Place of publication, distribution, etc. New York ;
Name of publisher, distributor, etc. The Institute of Electrical and Electronics Engineers, Inc. ,
Date of publication, distribution, etc. July 2022.
300 ## - PHYSICAL DESCRIPTION
Extent volume 37, pages 7989-8000 :
Other physical details illustration ;
Dimensions 28 cm.
500 ## - GENERAL NOTE
General note <br/>IEEE Transactions on Power Electronics, vol. 37, no. 7, pages 7989-8000, July 2022.<br/>
700 ## - ADDED ENTRY--PERSONAL NAME
Personal name Lumbreras, David.
Relator term author.
9 (RLIN) 54178
700 ## - ADDED ENTRY--PERSONAL NAME
Personal name Zaragoza, Jordi.
Relator term author.
9 (RLIN) 54179
700 ## - ADDED ENTRY--PERSONAL NAME
Personal name Berbel, Néstor.
Relator term author.
9 (RLIN) 54180
700 ## - ADDED ENTRY--PERSONAL NAME
Personal name Mon, Juan.
Relator term author.
9 (RLIN) 54181
700 ## - ADDED ENTRY--PERSONAL NAME
Personal name Gálvez, Eduardo.
Relator term author.
9 (RLIN) 54182
700 ## - ADDED ENTRY--PERSONAL NAME
Personal name Collado, Alfonso.
Relator term author.
9 (RLIN) 54183
942 ## - ADDED ENTRY ELEMENTS (KOHA)
Source of classification or shelving scheme Dewey Decimal Classification
Koha item type Periodicals
Holdings
Withdrawn status Lost status Source of classification or shelving scheme Damaged status Not for loan Collection code Home library Current library Date acquired Total Checkouts Full call number Date last seen Price effective from Koha item type Public note
    Dewey Decimal Classification     Periodicals UM Digos College - LIC UM Digos College - LIC 03/08/2024   DPer 621.317 Ie21 July 2022 v.37 n. 7 03/08/2024 03/08/2024 Periodicals Periodical Article